书目信息 |
| 题名: |
建筑制图
|
|
| 作者: | 何斌 , 陈锦昌 , 王枫红 主编 | |
| 分册: | ||
| 出版信息: | 北京 高等教育出版社 2010.07 |
|
| 页数: | 473页 | |
| 开本: | 20cm | |
| 丛书名: | ||
| 单 册: | ||
| 中图分类: | TU204 | |
| 科图分类: | ||
| 主题词: | 建筑设计 | |
| 电子资源: | ||
| ISBN: | 7-04-029142-8 | |
| 000 | 00653nam0 2200217 450 | |
| 001 | 1861002440 | |
| 005 | 20181213165744.46 | |
| 010 | @a7-04-029142-8@dCNY43.80 | |
| 100 | @a20181213d2010 km y0chiy0120 ea | |
| 101 | 0 | @achi |
| 102 | @aCN@b110000 | |
| 200 | 1 | @a建筑制图@Ajian zhu zhi tu@f何斌, 陈锦昌, 王枫红主编@Fhe bin,chen jin chang,wang feng hong zhu bian |
| 210 | @a北京@c高等教育出版社@d2010.07 | |
| 215 | @a473页@d20cm | |
| 606 | 0 | @a建筑设计 |
| 690 | @aTU204@v4 | |
| 701 | 0 | @a何斌@Ahe bin@4主编 |
| 701 | 0 | @a陈锦昌@Achen jin chang@4主编 |
| 701 | 0 | @a王枫红@Awang feng hong@4主编 |
| 801 | 0 | @aCN@bMUSE@c20181213 |
| 905 | @aMUSE@dTU204@eH1651 | |
| 建筑制图/何斌, 陈锦昌, 王枫红主编.-北京:高等教育出版社,2010.07 |
| 473页;20cm |
| ISBN 7-04-029142-8:CNY43.80 |
| ● |
| 相关链接 |
|
|
|
正题名:建筑制图
索取号:TU204/H1651
 
预约/预借
| 序号 | 登录号 | 条形码 | 馆藏地/架位号 | 状态 | 备注 |
| 1 | 0892756 | 208927562 | 建筑库101/101建筑库 108排2列6层/ [索取号:TU204/H1651] | 在馆 | |
| 2 | 1282614 | 212826147 | 建筑库101/101建筑库 108排2列6层/ [索取号:TU204/H1651] | 在馆 |